Normal view
MARC view
- Marcus, Sandra
Entry Personal Name
001 - CONTROL NUMBER
- control field: 77417
003 - CONTROL NUMBER IDENTIFIER
- control field: NUST
005 - DATE AND TIME OF LATEST TRANSACTION
- control field: 20210628205908.0
008 - FIXED-LENGTH DATA ELEMENTS
- fixed length control field: 210628|| aca||aabn | a|a d
040 ## - CATALOGING SOURCE
- Original cataloging agency: NUST
- Transcribing agency: NUST
100 ## - HEADING--PERSONAL NAME
- Personal name: Marcus, Sandra
670 ## - SOURCE DATA FOUND
- Source citation: Work cat.: (NUST): Marcus, Sandra, Automating knowledge acquistion for expert systems, 1988
